000 00385nam a2200157Ia 4500
008 210210b1982 xxu||||| |||| 00| 0 eng d
020 _a0 553 22635 5
082 _a133.32 TOFT
100 _aTOFFLER (Alvin).
245 _aThird wave.
260 _aLondon.
_bBantam books
_c1982
300 _axv,544
650 _aPredictions Meditatio
690 _aPhilosoph
906 _aSG0248
999 _c113704
_d113704